000 00468pab a2200181 454500
008 180718b2018 xxu||||| |||| 00| 0 eng d
100 _aBanerjee, Kiran
245 _aRace and the meso-level sources of domination
260 _c2018
300 _ap.215-227.
362 _aMar
650 _aMeso-level institutions
650 _aLiberalism
650 _aEthnic groups
700 _aSinger, Abraham
773 _aPolitical Research Quarterly
909 _a117111
999 _c117105
_d117105